[Event "Washington Class-ch Expert"]
[Site "Redmond"]
[Date "2012.11.23"]
[Round "1"]
[White "He, Daniel Ming"]
[Black "Nagase, Masayuki"]
[Result "1-0"]
[WhiteElo "2030"]
[BlackElo "1838"]
[PlyCount "83"]
[EventDate "2012.11.23"]
[EventType "swiss"]
[EventRounds "6"]
[EventCountry "USA"]
[SourceTitle "EXT 2017"]
[Source "ChessBase"]
[SourceDate "2016.10.25"]
[SourceVersion "1"]
[SourceVersionDate "2016.10.25"]
[SourceQuality "1"]

1. e4 c5 2. Nf3 Nc6 3. Bb5 e6 4. Bxc6 bxc6 5. 0-0 d5 6. Nc3 Nf6 7. d3 Be7 8. Re1 0-0 9. b3 Qc7 10. Bb2 d4 11. Na4 e5 12. Ba3 Nd7 13. c3 Bd6 14. Rc1 Bb7 15. Ng5 Qd8 16. Nf3 Qe7 17. Nd2 Nb6 18. Nb2 g6 19. Nbc4 Nd7 20. cxd4 exd4 21. e5 Bc7 22. f4 f6 23. exf6 Qxf6 24. g3 h5 25. Ne4 Qf5 26. Ncd6 Qh3 27. Nxb7 Bxf4 28. gxf4 Rxf4 29. Qe2 Ne5 30. Nf6+ Rxf6 31. Qxe5 Raf8 32. Qg3 Qc8 33. Nxc5 Rf3 34. Qxg6+ Kh8 35. Qxh5+ Kg8 36. Qg6+ Kh8 37. Re7 R3f7 38. Rxf7 Rxf7 39. Qxf7 Qg4+ 40. Kh1 Qg5 41. Rg1 Qd8 42. Qg7# 1-0